Exploring smart ways for energy harvesting for wireless sensor networks (Record no. 13663)

000 -LEADER
fixed length control field 00551nam a22001697a 4500
082 ## - DEWEY DECIMAL CLASSIFICATION NUMBER
Classification number BEE-4 TAH
100 ## - MAIN ENTRY--PERSONAL NAME
Personal name Muhammad Tahir
9 (RLIN) 48574
245 ## - TITLE STATEMENT
Title Exploring smart ways for energy harvesting for wireless sensor networks
260 ## - PUBLICATION, DISTRIBUTION, ETC.
Place of publication, distribution, etc. Islamabad
Name of publisher, distributor, etc. NUST-SEECS
Date of publication, distribution, etc. 2016
300 ## - PHYSICAL DESCRIPTION
Extent 72p.
Other physical details 27cm.
Accompanying material CD Includes
500 ## - GENERAL NOTE
General note Supervisors: DR. Osman Hasan, Dr. Farooq Ahmad Tahir
563 ## - BINDING INFORMATION
Binding note HB
700 ## - ADDED ENTRY--PERSONAL NAME
Personal name Ibraheem Bin Mehmood
9 (RLIN) 92708
700 ## - ADDED ENTRY--PERSONAL NAME
Personal name Usman Asif
9 (RLIN) 92709
856 ## - ELECTRONIC LOCATION AND ACCESS
Uniform Resource Identifier <a href="http://10.250.8.41:8080/xmlui/handle/123456789/10700">http://10.250.8.41:8080/xmlui/handle/123456789/10700</a>
942 ## - ADDED ENTRY ELEMENTS (KOHA)
Koha item type Project Report
Source of classification or shelving scheme
Holdings
Withdrawn status Lost status Source of classification or shelving scheme Damaged status Not for loan Permanent Location Current Location Shelving location Date acquired Source of acquisition Full call number Barcode Date last seen Price effective from Koha item type
WITHDRAWN         Central Library (CL) Central Library (CL) General Stacks 07/26/2016 NUST-SEECS BEE-4 TAH SEECSP01848 07/26/2016 07/26/2016 Project Report
WITHDRAWN         Central Library (CL) Central Library (CL) Thesis 06/22/2021   621.3 CL-BP-713 06/22/2021 06/22/2021 Thesis
© 2023 Central Library, National University of Sciences and Technology. All Rights Reserved.